| 000 | 00492nam a22001817a 4500 | ||
|---|---|---|---|
| 003 | CEME | ||
| 005 | 20210628203024.0 | ||
| 008 | 210128b xxu||||| |||| 00| 0 eng d | ||
| 020 | _a9781850699327 | ||
| 040 | _c. | ||
| 082 | _a958.104 GIU | ||
| 100 |
_aGiustozzi, Antonio _962913 |
||
| 245 | _aEmpires of mud , wars and warlords in afghanistan | ||
| 260 |
_aLONDON _bROUTLEDGE PUBLISHER _c2009 |
||
| 300 | _a332P | ||
| 650 |
_a WARS AND WARLORDS IN AFGHANISTAN _962914 |
||
| 942 |
_cBK _2ddc |
||
| 999 |
_c571867 _d571867 |
||